00940nam a22002415a 450000500170000000800410001702000180005804000280007604300120010408200210011624501470013726000400028430000200032465000100034465100630035465300240041770000310044170000340047270000350050694200080054199900170054995201320056620161012151432.0161012s2016 enk fr 000 0 eng d a9781907003455 aEG-ScBUEbengcEG-ScBUE aa-cc---04a320.951bONN22200aOn the CPC :binterpretation of the success of the world’s largest ruling party (1976-2011) /cedited by Yao Huan, Yang Deshan, Zhang Shiyi. aLondon :bNew Classic Press,c2016. av. 2. ;c24 cm. 2BUEsh 0aChinaxPolitics and governmenty20th century2BUEsh941454 bBUSBOLcOctober20161 aHuan, Yao.eeditor.9415121 aDeshan, Yang,eeditor.9414521 aShiyi, Zhang, eeditor.941513 2ddc c22541d22513 00102ddc40708EWHaMAINbMAINc1STd2016-10-12ePurchaseg150.00l0o320.951 ONNp000034042r2025-07-15 00:00:00v187.50yBB